| 000 | 00620nam a2200241Ia 4500 | ||
|---|---|---|---|
| 003 | OSt | ||
| 005 | 20220912144335.0 | ||
| 006 | a|||||r|||| 00| 0 | ||
| 007 | ta | ||
| 008 | 220909b |||||||| |||| 00| 0 eng d | ||
| 020 | _aSL0188893 | ||
| 024 | _a195967 | ||
| 037 | _cTextual | ||
| 040 |
_aCSL _beng _cCSL |
||
| 041 | _aeng | ||
| 082 | _aCz7, K0 | ||
| 100 | _aLodge Sir Oliver | ||
| 245 | 0 | _aPioneers of science: and the development of their scientific theories | |
| 300 | _axiii,404p | ||
| 700 | _aLodge Sir Oliver | ||
| 942 |
_hCz7, K0 _cTEXL _2CC |
||
| 999 |
_c5414 _d5414 |
||